Normal view MARC view
  • Cuesta, Jorge,

Entry Nombre Personal

Number of records used in: 3

001 - NUMERO DE CONTROL

  • campo de control: 45816

003 - IDENTIFICADOR DE NUMERO DE CONTROL

  • campo de control: MX-MxUPN

005 - FECHA Y HORA DE LA ÜLTIMA TRANSACCIÓN

  • campo de control: 20230918121306.0

008 - DATOS DE LONGITUD FIJA

  • campo de control de longitud fija: 220816|| acn||aabn | a|a d

040 ## - FUENTE DE CATALOGACIÓN

  • Agencia original de catalogación: MX-MxUPN
  • Lenguaje de catalogación: spa
  • Agencia de transcripción: MX-MxUPN

100 1# - ENCABEZAMIENTO - NOMBRE PERSONAL

  • Nombre personal: Cuesta, Jorge,
  • Fechas asociadas con el nombre: 1903-1942
  • Subdivisión temática general : Crítica e interpretación

670 ## - FUENTE EN LA QUE SE LOCALIZARON DATOS

  • Cita de la fuente: DGB UNAM, 16 agosto 2022:
  • Información localizada: encabezamiento (Cuesta, Jorge, 1903-1942--Crítica e interpretación)

902 ## - CATALOGADOR

  • Catalogador: VRC/160822